000
00261nam a2200109Ia 4500
001
1265408
005
20260417142026.0
008
260417s9999 xx 000 0 und d
020
_a
9786256999442
245
0
_a
Ufak Tefek Olaylar
260
_b
Ketebe Yayınları
999
_c
1265408
_d
1265408